Más allá de la supervivencia : (Record no. 36977)

MARC details
000 -CABECERA
campo de control de longitud fija 00548nam a2200193 a 4500
005 - FECHA Y HORA DE LA ÚLTIMA TRANSACCIÓN
campo de control 20240925064729.0
008 - ELEMENTOS DE LONGITUD FIJA--INFORMACIÓN GENERAL
campo de control de longitud fija 991125s1982 es 000 0 spa u
020 ## - NÚMERO INTERNACIONAL NORMALIZADO PARA LIBROS
Número Internacional Estándar del Libro 8430909192
035 ## - NÚMERO DE CONTROL DEL SISTEMA
Número de control de sistema UPN01000036977
049 ## - COLECCIÓN
Colección CG
050 #4 - SIGNATURA TOPOGRÁFICA DE LA BIBLIOTECA DEL CONGRESO
Número de clasificación QH541.145
Número de documento/Ítem F4.58
100 1# - ASIENTO PRINCIPAL--NOMBRE PERSONAL
Nombre de persona Feenberg, Andrew
245 10 - MENCIÓN DE TÍTULO
Título Más allá de la supervivencia :
Resto del título debate ecológico /
Mención de responsabilidad, etc. Andrew Feenberg ; tr. Juan Alvarez.
260 ## - PUBLICACIÓN, DISTRIBUCIÓN, ETC.
Lugar de publicación, distribución, etc. Madrid :
Nombre del editor, distribuidor, etc. Tecnos,
Fecha de publicación, distribución, etc. 1982.
300 ## - DESCRIPCIÓN FÍSICA
Extensión 91 p.
650 #7 - ASIENTO SECUNDARIO DE MATERIA - TERMINO TEMATICO
Término de materia o nombre geográfico como elemento de entrada Política ambiental
Fuente del encabezamiento o término
9 (RLIN) 1340
650 #4 - ASIENTO SECUNDARIO DE MATERIA - TERMINO TEMATICO
Término de materia o nombre geográfico como elemento de entrada Ecología
9 (RLIN) 5860
905 ## - TIPO DE MATERIAL
Tipo de material Libro
Holdings
Estado de retiro Estado de pérdida Fuente del sistema de clasificación o colocación Estado dañado No para préstamo Código de colección Localización permanente Ubicación/localización actual Ubicación en estantería Total de préstamos Clasificación Código de barras Fecha visto por última vez Número de copia Tipo de ítem Koha
    Library of Congress Classification     Colección General Bib. Gregorio Torres Quintero Bib. Gregorio Torres Quintero Planta baja   QH541.145 F4.58 59263 31/12/2020 1 Libro